000 00436nam a2200169 a 4500
001 0000-9234
003 ELIB.Books
008 110520 1989
035 _a(ELIB.Books)0000-9386
082 _a70
_bWea
100 _aWeasings
245 _aWeaving Woven together in Love"
260 _bNashville: The Upper Room
_c1989
650 _aJournalism
942 _2ddc
_cBK
998 _cbat
_e2011-05-20
_mcat
_u2019-07-11
999 _c9234
_d9234